Becoming the best : how to gain company-wide commitment to total quality / (Record no. 1522)

000 -LEADER
fixed length control field 01069nam a2200289 a 4500
001 - CONTROL NUMBER
control field 1528094
003 - CONTROL NUMBER IDENTIFIER
control field OSt
005 - DATE AND TIME OF LATEST TRANSACTION
control field 20150311121932.0
008 - FIXED-LENGTH DATA ELEMENTS--GENERAL INFORMATION
fixed length control field 900131r19901988ilu 000 0 eng
010 ## - LIBRARY OF CONGRESS CONTROL NUMBER
LC control number 90080394
020 ## - INTERNATIONAL STANDARD BOOK NUMBER
International Standard Book Number 093393114X
040 ## - CATALOGING SOURCE
Original cataloging agency DLC
Transcribing agency DLC
050 00 - LIBRARY OF CONGRESS CALL NUMBER
Classification number HD62.15.P66 1990
082 00 - DEWEY DECIMAL CLASSIFICATION NUMBER
Classification number 658.5/62
Edition number 21
100 1# - MAIN ENTRY--PERSONAL NAME
Personal name Popplewell, Barry.
245 10 - TITLE STATEMENT
Title Becoming the best : how to gain company-wide commitment to total quality /
Statement of responsibility, etc Barry Popplewell and Alan Wildsmith.
250 ## - EDITION STATEMENT
Edition statement
260 ## - PUBLICATION, DISTRIBUTION, ETC. (IMPRINT)
Place of publication, distribution, etc Carol Stream, IL :
Name of publisher, distributor, etc Hitchcock Pub. Co.,
Date of publication, distribution, etc c1990.
300 ## - PHYSICAL DESCRIPTION
Extent 148 p. ;
Dimensions 24 cm. +
Accompanying material 1 pamphlet (32 p. ; 24 cm.)
500 ## - GENERAL NOTE
General note Originally published: Hants, England : Gower, c1988.
500 ## - GENERAL NOTE
General note Accompanied by: Becoming the best : a questionnaire approach to determining business excellence / Barry Popplewell.
650 #0 - SUBJECT ADDED ENTRY--TOPICAL TERM
Topical term or geographic name as entry element Total quality management.
700 1# - ADDED ENTRY--PERSONAL NAME
Personal name Wildsmith, Alan.
906 ## - LOCAL DATA ELEMENT F, LDF (RLIN)
a 7
b cbc
c orignew
d 2
e opcn
f 19
g y-gencatlg
942 ## - ADDED ENTRY ELEMENTS (KOHA)
Source of classification or shelving scheme
Koha item type Book
Holdings
Withdrawn status Lost status Source of classification or shelving scheme Damaged status Not for loan Home library Current library Shelving location Date acquired Total Checkouts Full call number Barcode Date last seen Date checked out Copy number Price effective from Koha item type
          Riara University Library Riara University Library General stack 11/03/2015 2 HD62.15.P66 1990 5322/15 06/10/2023 06/10/2023 C.1 11/03/2015 Book

Riara University Library,
P.O. Box 49940-00100,
Nairobi, Kenya.